000 01017nab a22002657a 4500
999 _c6540
_d6540
003 OSt
005 20260223123557.0
008 190506c xxu||||| |||| 00| 0 spa d
040 _cPJ
100 _94182
_aDíaz, Viviana Laura
245 1 0 _aCerebro. Riesgos laborales. Ambiente :
_buna triada en continua evolución /
_cViviana Laura Díaz.
260 _aBuenos Aires :
_bAbeledoPerrot,
_c2024.
300 _ap. 3-6
500 _aCita: TR LALEY AR/DOC/762/2024.
505 _t¿Te interesa el texto completo? Comunicate al correo: koha@justierradelfuego.gov.ar
650 0 _91316
_aDERECHO LABORAL
650 0 _91430
_aRIESGOS DEL TRABAJO
650 0 _94942
_aCOMISIONES MÉDICAS
650 0 _95144
_aASEGURADOR POR RIESGOS DEL TRABAJO
650 0 _91406
_aINCAPACIDAD LABORAL
650 0 _91417
_aACCIDENTES DE TRABAJO
650 0 _91406
_aINCAPACIDAD LABORAL
773 0 _02751
_93202
_dBuenos Aires : AbeledoPerrot, 2013-
_tRevista de derecho laboral y seguridad social. Nº 9 - Mayo 2024
942 _2udc
_cANA